Пространственное увеличение разрешения изображений при помощи генеративно-состязательной сети; Молодежь и современные информационные технологии

Bibliographische Detailangaben
Parent link:Молодежь и современные информационные технологии.— 2023.— С. 48-50
1. Verfasser: Монгуш Т. В.
Körperschaft: Национальный исследовательский Томский политехнический университет Инженерная школа информационных технологий и робототехники
Weitere Verfasser: Куулар Ч. Т.
Zusammenfassung:Текстовый файл
Sprache:Russisch
Veröffentlicht: 2023
Schlagworte:
Online-Zugang:http://earchive.tpu.ru/handle/11683/77972
Format: MixedMaterials Elektronisch Buchkapitel
KOHA link:https://koha.lib.tpu.ru/cgi-bin/koha/opac-detail.pl?biblionumber=671231

MARC

LEADER 00000naa2a2200000 4500
001 671231
005 20240407140740.0
090 |a 671231 
100 |a 20240305d2023 k||y0rusy50 ca 
101 0 |a rus 
102 |a RU 
135 |a drbn ---uucaa 
200 1 |a Пространственное увеличение разрешения изображений при помощи генеративно-состязательной сети  |f Монгуш Т. В., Куулар Ч. Т.  |g Томский политехнический университет, ИШИТР 
283 |2 RDAcarrier 
320 |a Список использованных источников: с. 50 
336 |a Текстовый файл 
463 1 |0 636132  |9 636132  |a Фадеев, А. С. (специалист в области информатики и вычислительной техники ; 1981-)  |c Томск  |d 2023  |n Изд-во ТПУ  |o сборник трудов XX Международной научно-практической конференции студентов, аспирантов и молодых учёных, 20-22 марта 2023 г., г. Томск  |p 1 файл (15 Мб, 413 с.)  |t Молодежь и современные информационные технологии  |u conference_tpu-2023-C04.pdf  |v С. 48-50 
610 1 |a пространственное увеличение 
610 1 |a изображения 
610 1 |a генеративно-состязательные сети 
610 1 |a суперразрешение 
610 1 |a машинное обучение 
610 1 |a труды учёных ТПУ 
610 1 |a электронный ресурс 
700 1 |a Монгуш  |b Т. В. 
701 1 |a Куулар  |b Ч. Т. 
712 0 2 |a Национальный исследовательский Томский политехнический университет  |b Инженерная школа информационных технологий и робототехники  |c (2017- )  |9 28330 
801 0 |a RU  |b 63413507  |c 20240305 
850 |a 63413507 
856 4 |u http://earchive.tpu.ru/handle/11683/77972  |z http://earchive.tpu.ru/handle/11683/77972 
942 |c CF